|
|
|
|
| LEADER |
00000cam a2200000 c 4500 |
| 001 |
269847138 |
| 003 |
DE-627 |
| 005 |
20251222211946.0 |
| 007 |
tu |
| 008 |
990604s1998 xxc||||| 00| ||eng c |
| 020 |
|
|
|a 1895830109
|9 1-895830-10-9
|
| 035 |
|
|
|a (DE-627)269847138
|
| 035 |
|
|
|a (DE-576)071150978
|
| 035 |
|
|
|a (DE-599)GBV269847138
|
| 035 |
|
|
|a (OCoLC)246582520
|
| 035 |
|
|
|a (OCoLC)39385333
|
| 040 |
|
|
|a DE-627
|b ger
|c DE-627
|e rakwb
|
| 041 |
|
|
|a eng
|
| 044 |
|
|
|c XD-CA
|
| 050 |
|
0 |
|a KE7722.C75
|
| 082 |
0 |
|
|a 364.6/5/08997071
|
| 084 |
|
|
|a 6,33
|2 ssgn
|
| 084 |
|
|
|a MG 72968
|2 rvk
|0 (DE-625)rvk/122861:12232
|
| 100 |
1 |
|
|8 1\p
|a Green, Ross Gordon
|d 1955-
|0 (DE-588)173281915
|0 (DE-627)698199979
|0 (DE-576)134130464
|4 aut
|
| 109 |
|
|
|a Green, Ross Gordon 1955-
|a Gordon Green, Ross 1955-
|
| 245 |
1 |
0 |
|a Justice in Aboriginal communities
|b sentencing alternatives
|c Ross Gordon Green
|
| 264 |
|
1 |
|a Saskatoon, Saskatchewan
|b Purich Publ.
|c c1998
|
| 300 |
|
|
|a 192 S
|b ill., 1 map
|c 23 cm
|
| 336 |
|
|
|a Text
|b txt
|2 rdacontent
|
| 337 |
|
|
|a ohne Hilfsmittel zu benutzen
|b n
|2 rdamedia
|
| 338 |
|
|
|a Band
|b nc
|2 rdacarrier
|
| 490 |
0 |
|
|a Purich's Aboriginal issues series
|
| 500 |
|
|
|a Includes bibliographical references (p. [164]-184) and index
|
| 583 |
1 |
|
|a Archivierung prüfen
|c 20200919
|f DE-640
|z 2
|2 pdager
|
| 653 |
|
0 |
|a Indians of North America
|a Legal status, laws, etc
|a Canada
|
| 653 |
|
0 |
|a Sentences (Criminal procedure)
|a Canada
|
| 653 |
|
0 |
|a Alternatives to imprisonment
|a Canada
|
| 689 |
0 |
0 |
|d g
|0 (DE-588)4029456-0
|0 (DE-627)106274163
|0 (DE-576)208982698
|a Kanada
|2 gnd
|
| 689 |
0 |
1 |
|d s
|0 (DE-588)4026718-0
|0 (DE-627)104288922
|0 (DE-576)208967672
|a Indianer
|2 gnd
|
| 689 |
0 |
2 |
|d s
|0 (DE-588)4015537-7
|0 (DE-627)104254645
|0 (DE-576)208912223
|a Eskimo
|2 gnd
|
| 689 |
0 |
3 |
|d s
|0 (DE-588)4169734-0
|0 (DE-627)105407720
|0 (DE-576)209924837
|a Métis
|2 gnd
|
| 689 |
0 |
4 |
|d s
|0 (DE-588)4134078-4
|0 (DE-627)105675423
|0 (DE-576)209649224
|a Rechtsstellung
|2 gnd
|
| 689 |
0 |
5 |
|d s
|0 (DE-588)4115710-2
|0 (DE-627)105812242
|0 (DE-576)209495456
|a Rechtsprechung
|2 gnd
|
| 689 |
0 |
6 |
|d s
|0 (DE-588)4210089-6
|0 (DE-627)105099163
|0 (DE-576)210195967
|a Ersatzfreiheitsstrafe
|2 gnd
|
| 689 |
0 |
7 |
|d s
|0 (DE-588)4128233-4
|0 (DE-627)105718823
|0 (DE-576)209600365
|a Resozialisierung
|2 gnd
|
| 689 |
0 |
|
|5 (DE-627)
|
| 883 |
|
|
|8 1\p
|a cgwrk
|d 20241001
|q DE-101
|u https://d-nb.info/provenance/plan#cgwrk
|
| 935 |
|
|
|i Blocktest
|
| 936 |
r |
v |
|a MG 72968
|b Minderheitenfragen
|k Politologie
|k Politische Systeme einzelner Länder
|k Europa, Nordamerika
|k Nordamerika
|k Kanada
|k Föderalismus
|k Minderheitenfragen
|0 (DE-627)1271515296
|0 (DE-625)rvk/122861:12232
|0 (DE-576)201515296
|
| 951 |
|
|
|a BO
|
| ELC |
|
|
|b 1
|
| LOK |
|
|
|0 000 xxxxxcx a22 zn 4500
|
| LOK |
|
|
|0 001 3284415432
|
| LOK |
|
|
|0 003 DE-627
|
| LOK |
|
|
|0 004 269847138
|
| LOK |
|
|
|0 005 20000315000000
|
| LOK |
|
|
|0 008 000229||||||||||||||||ger|||||||
|
| LOK |
|
|
|0 040
|a DE-21
|c DE-627
|d DE-21
|
| LOK |
|
|
|0 852
|a DE-21
|
| LOK |
|
|
|0 852 1
|c KB 8 E 8299
|9 00
|
| LOK |
|
|
|0 935
|a krim
|
| LOK |
|
|
|0 936ln
|a k5.3.2
|
| LOK |
|
|
|0 939
|a 29-02-00
|b l01
|
| ORI |
|
|
|a SA-MARC-krimdoka001.raw
|
| SIG |
|
|
|a UB: KB 8 E 8299
|
| TIM |
|
|
|a 100018670701_100020261231
|b 1867-07-01 - 2026
|